<?xml version="1.0" encoding="UTF-8"?><?xml-stylesheet type="text/xsl" href="static/style.xsl"?><OAI-PMH xmlns="http://www.openarchives.org/OAI/2.0/" xmlns:xsi="http://www.w3.org/2001/XMLSchema-instance" xsi:schemaLocation="http://www.openarchives.org/OAI/2.0/ http://www.openarchives.org/OAI/2.0/OAI-PMH.xsd"><responseDate>2026-04-13T01:51:15Z</responseDate><request verb="GetRecord" identifier="oai:www.recercat.cat:2117/346623" metadataPrefix="marc">https://recercat.cat/oai/request</request><GetRecord><record><header><identifier>oai:recercat.cat:2117/346623</identifier><datestamp>2025-07-16T22:46:21Z</datestamp><setSpec>com_2072_1033</setSpec><setSpec>col_2072_452949</setSpec></header><metadata><record xmlns="http://www.loc.gov/MARC21/slim" xmlns:dcterms="http://purl.org/dc/terms/" xmlns:xsi="http://www.w3.org/2001/XMLSchema-instance" xmlns:doc="http://www.lyncode.com/xoai" xsi:schemaLocation="http://www.loc.gov/MARC21/slim http://www.loc.gov/standards/marcxml/schema/MARC21slim.xsd">
   <leader>00925njm 22002777a 4500</leader>
   <datafield ind2=" " ind1=" " tag="042">
      <subfield code="a">dc</subfield>
   </datafield>
   <datafield ind2=" " ind1=" " tag="720">
      <subfield code="a">Bergas-Massó, Elisa</subfield>
      <subfield code="e">author</subfield>
   </datafield>
   <datafield ind2=" " ind1=" " tag="720">
      <subfield code="a">Gonçalves Ageitos, María</subfield>
      <subfield code="e">author</subfield>
   </datafield>
   <datafield ind2=" " ind1=" " tag="720">
      <subfield code="a">Pérez García-Pando, Carlos</subfield>
      <subfield code="e">author</subfield>
   </datafield>
   <datafield ind2=" " ind1=" " tag="260">
      <subfield code="c">2021-05</subfield>
   </datafield>
   <datafield ind2=" " ind1=" " tag="520">
      <subfield code="a">Mineral dust emitted from arid and semi-arid areas has&#xd;
several effects on the Earth system (e.g., perturbation of the&#xd;
radiative budget, interaction with cloud processes, implications&#xd;
on ocean and land biogeochemical cycles). Mineral dust&#xd;
aerosols are mixtures of different minerals whose relative abundances,&#xd;
particle size distribution, shape, surface topography,&#xd;
and mixing state influence their interaction with the Earth&#xd;
system. However, Earth System Models (ESMs) typically&#xd;
assume that dust aerosols have a globally uniform composition,&#xd;
neglecting the known variations in the sources’ mineralogical&#xd;
composition. This work investigates the sensitivity of a key&#xd;
biogeochemical cycle, the iron (Fe) cycle to uncertainties in&#xd;
the description of soil mineralogy in dust-producing areas.&#xd;
Airborne mineral dust is the primary input of Fe to the open&#xd;
ocean. Fe constitutes a fundamental micro-nutrient for marine&#xd;
biota in its soluble form. It is, in fact, the limiting nutrient&#xd;
in remote regions of the open ocean known as High Nutrient&#xd;
Low-Chlorophyll (HNLC) regions (e.g., the Southern Ocean),&#xd;
where the Fe supply occurs mainly through atmospheric deposition.&#xd;
Ocean productivity relies on the availability of limiting&#xd;
nutrients. Hence, the ocean’s ability to capture atmospheric&#xd;
CO2 in HNLC regions highly depends on the atmospheric&#xd;
deposition of soluble Fe.&#xd;
Fe abundance in soils is usually set to 3.5% [1], and its&#xd;
solubility is considered to be less than 0.1% [2]. However,&#xd;
both observations and modeling studies suggest that the solubility&#xd;
of Fe from dust increases downwind of the sources [3].&#xd;
A primary mechanism leading to this increase in Fe solubility&#xd;
is acidic (proton-promoted) dissolution. Low pH conditions in&#xd;
aerosol water favor Fe dissolution by weakening Fe-O bonds of&#xd;
Fe oxides in dust [4]. Other physical and chemical mechanisms&#xd;
that enhance Fe solubilization involve photochemical reduction&#xd;
and organic ligand (e.g., Oxalate) processing [5].&#xd;
Modeling the global dust mineralogical composition&#xd;
presents critical challenges. First, soil mineralogy atlases for&#xd;
dust modeling are derived by extrapolating a sparse set of&#xd;
mineralogical analyses of soil samples that are particularly&#xd;
scarce in dust source regions. Moreover, atlases are based on&#xd;
measurements following the wet sieving technique that tampers&#xd;
the undisturbed parent soil size distribution by breaking coarse&#xd;
particles and replacing them with smaller ones [6].&#xd;
In this work, we assess the implications of soil mineralogy&#xd;
uncertainties on bio-available Fe delivery to the open&#xd;
ocean by using a state-of-the-art ESM, EC-Earthv3, where a&#xd;
detailed atmospheric Fe cycle and two different data sets that&#xd;
characterize the soil composition over dusty areas have been&#xd;
implemented [7] [8].</subfield>
   </datafield>
   <datafield tag="653" ind2=" " ind1=" ">
      <subfield code="a">Àrees temàtiques de la UPC::Informàtica::Arquitectura de computadors</subfield>
   </datafield>
   <datafield tag="653" ind2=" " ind1=" ">
      <subfield code="a">High performance computing</subfield>
   </datafield>
   <datafield tag="653" ind2=" " ind1=" ">
      <subfield code="a">Iron cycle</subfield>
   </datafield>
   <datafield tag="653" ind2=" " ind1=" ">
      <subfield code="a">Mineralogy</subfield>
   </datafield>
   <datafield tag="653" ind2=" " ind1=" ">
      <subfield code="a">Climate</subfield>
   </datafield>
   <datafield tag="653" ind2=" " ind1=" ">
      <subfield code="a">Dust</subfield>
   </datafield>
   <datafield tag="653" ind2=" " ind1=" ">
      <subfield code="a">Càlcul intensiu (Informàtica)</subfield>
   </datafield>
   <datafield ind2="0" ind1="0" tag="245">
      <subfield code="a">Sensitivity of soluble iron deposition to soil mineralogy uncertainty</subfield>
   </datafield>
</record></metadata></record></GetRecord></OAI-PMH>